000 00514nam a2200193Ia 4500
003 GCL
008 140319s9999 xx 000 0 eng d
040 _aGCL /
_cGCL
082 0 4 _a532.5
_bM T
100 1 _aM. A,A. S. RAMSEY
245 1 0 _aA TREATISE ON HYDROMECHANICS: PART II HYDRODYNAMICS /
_cM. A,A. S. RAMSEY
260 _a[S.N] :
_bG. BELL AND SONS, LTD ،
_c1957
300 _a416 P
650 0 4 _aHYDROMECHANICS
650 0 4 _aPHYSICS
650 0 4 _aWAVES
650 0 4 _aHYDRODYNAMICS
942 _2ddc
_cBK
999 _c14468
_d14468